[Event "Albacete op 13th"]
[Site "Albacete"]
[Date "2005.09.02"]
[Round "3"]
[White "Picazo Lopez, Juan Antonio"]
[Black "Gonzalez, Mario"]
[Result "1-0"]
[WhiteElo "2116"]
[BlackElo "1906"]
[PlyCount "89"]
[EventDate "2005.09.01"]
[EventType "swiss"]
[EventRounds "9"]
[EventCountry "ESP"]
[SourceTitle "CBM 108 Extra"]
[Source "ChessBase"]
[SourceDate "2005.11.04"]
[SourceVersion "1"]
[SourceVersionDate "2005.11.04"]
[SourceQuality "1"]

1. d4 d5 2. c4 e6 3. Nc3 Nf6 4. cxd5 exd5 5. Bg5 c6 6. Qc2 Be7 7. e3 h6 8. Bh4 0-0 9. Bd3 Nh5 10. Bxe7 Qxe7 11. Nge2 b6 12. Rb1 Qg5 13. Ng3 Nxg3 14. hxg3 Nd7 15. b4 Bb7 16. a4 Rab8 17. Qe2 Rfc8 18. Rh5 Qe7 19. g4 Nf6 20. Re5 Qd6 21. g5 hxg5 22. Rxg5 g6 23. f4 Re8 24. Kf2 Ne4+ 25. Nxe4 dxe4 26. Bc4 Kg7 27. Qa2 Qe7 28. Qc2 f6 29. Rg3 Rh8 30. Ba2 Rbc8 31. Qb3 Rhd8 32. Qe6 Qxe6 33. Bxe6 Rc7 34. Bf5 c5 35. bxc5 bxc5 36. Bxg6 Kf8 37. Rh3 cxd4 38. Rh8+ Ke7 39. Rh7+ Kd6 40. Rxb7 Rc2+ 41. Ke1 d3 42. Bxe4 Re2+ 43. Kd1 Rxe3 44. Bf3 Rde8 45. Kd2 1-0